000 00702nam2a2200205 4500
001 RU\NLR\PER_A\012061121_001050
005 20250625120338.0
035 _a(NLR Aleph) 022095741
090 _a12730606
_c12730606
100 _a20231213d2023 |||y0rusy50 ca
101 0 _arus
102 _aRU
200 0 _a2023, № 10 (53)
210 _d2023
_aБ. м.
461 0 _1001RU\NLR\BIBL_A\012061121
_12001#$aДавление в норме 120/80$fТолока$v2023, № 10 (53)
_911705109
_cСмоленск
_d2019 -
_fТолока
_nТолока
_tДавление в норме 120/80
_x2658-7076
_v2023, № 10 (53)
852 _aNLR
_jП17/1820
942 _cISSUE
980 _aNB
980 _aRUSPER